Theory and problems of macroeconomic theory (Record no. 54540)

MARC details
000 -LEADER
fixed length control field 00516nam a2200193Ia 4500
003 - CONTROL NUMBER IDENTIFIER
control field OSt
005 - DATE AND TIME OF LATEST TRANSACTION
control field 20220318180008.0
008 - FIXED-LENGTH DATA ELEMENTS--GENERAL INFORMATION
fixed length control field 211109s9999||||xx |||||||||||||| ||und||
040 ## - CATALOGING SOURCE
Transcribing agency SBCL
082 ## - DEWEY DECIMAL CLASSIFICATION NUMBER
Classification number 338.501
Item number SAL.D
100 ## - MAIN ENTRY--PERSONAL NAME
Personal name Salvatore, Dominick
245 #0 - TITLE STATEMENT
Title Theory and problems of macroeconomic theory
250 ## - EDITION STATEMENT
Edition statement 3rd
260 ## - PUBLICATION, DISTRIBUTION, ETC.
Name of publisher, distributor, etc. Tata Macgraw-Hill
Place of publication, distribution, etc. New Delhi
Date of publication, distribution, etc. 2008
300 ## - PHYSICAL DESCRIPTION
Extent 362
630 ## - SUBJECT ADDED ENTRY--UNIFORM TITLE
General subdivision General stack
650 ## - SUBJECT ADDED ENTRY--TOPICAL TERM
Topical term or geographic name entry element Microeconomics
942 ## - ADDED ENTRY ELEMENTS (KOHA)
Koha item type BOOK
650 ## - SUBJECT ADDED ENTRY--TOPICAL TERM
Form subdivision Macroeconomics & related topicsEconomics
Holdings
Withdrawn status Lost status Damaged status Not for loan Home library Current library Date acquired Cost, normal purchase price Total Checkouts Full call number Barcode Shelving location Date last seen Price effective from Koha item type
        SB LIBRARY SB LIBRARY 09/11/2021 100.00   338.501 SAL.D 00096991 GENERAL STACK 09/11/2021 09/11/2021 BOOK

Powered by Koha